| 000 | 00498nam a2200205Ia 4500 | ||
|---|---|---|---|
| 008 | 210210b2010 xxu||||| |||| 00| 0 eng d | ||
| 020 | _a9788184290509 | ||
| 041 | _aeng | ||
| 082 | _a368.32 KIRL | ||
| 100 | _aKIRAN (C H Bhanu) | ||
| 245 | _aLife insurance marketing | ||
| 260 |
_aAmbala _bThe Associated Publishers _c2010 |
||
| 300 | _axii,270 | ||
| 650 | _amarketing | ||
| 650 | _aLife | ||
| 650 | _ainsurance | ||
| 690 | _aInsurance | ||
| 700 | _aNAIDU (M Mutyalu) | ||
| 906 | _a064983 | ||
| 999 |
_c141682 _d141682 |
||